[Event "Titled Tuesday intern op 11th Apr Early"]
[Site "Chess.com INT"]
[Date "2023.04.11"]
[Round "5"]
[White "Cramling Bellon, Anna"]
[Black "Mbonu, David"]
[Result "0-1"]
[WhiteElo "2066"]
[BlackElo "2004"]
[PlyCount "134"]
[EventDate "2023.04.11"]
[EventType "swiss (blitz)"]
[EventRounds "11"]
[EventCountry "USA"]
[SourceTitle "CBM 213 Extra"]
[Source "ChessBase"]
[SourceDate "2023.05.31"]
[SourceVersion "1"]
[SourceVersionDate "2023.05.31"]
[SourceQuality "1"]

1. d4 Nf6 2. c4 e6 3. Nc3 Bb4 4. Qc2 0-0 5. e4 d5 6. cxd5 exd5 7. e5 Ne4 8. Bd3 f5 9. Nf3 c6 10. 0-0 Be6 11. Bxe4 fxe4 12. Ng5 Bf5 13. Be3 Be7 14. Nh3 Bxh3 15. gxh3 Qd7 16. Kg2 Rf3 17. Ne2 Qxh3+ 18. Kh1 Nd7 19. Ng1 Qh5 20. Nxf3 Qxf3+ 21. Kg1 Rf8 22. Qd1 Qh3 23. Kh1 Rf5 24. Rg1 Rh5 25. Rg2 Nf8 26. Qg4 Ng6 27. Rag1 Kf7 28. Qxh3 Rxh3 29. Rg3 Rh5 30. f3 Rf5 31. fxe4 dxe4 32. R3g2 Ke6 33. Rf2 Rh5 34. Rgf1 Kd5 35. Rd1 Bb4 36. Bf4 Rf5 37. Bg3 Rh5 38. Rc2 Rg5 39. a3 Be7 40. b4 h5 41. Rdc1 h4 42. Bf2 Rf5 43. Rg1 Nf4 44. Be3 Ne6 45. Rg6 Rf3 46. Bg1 Rd3 47. Rxe6 Kxe6 48. Rg2 g5 49. Rf2 e3 50. Re2 Rxd4 51. Bxe3 Rd1+ 52. Kg2 Kf5 53. Bc5 Bxc5 54. bxc5 Ke6 55. Kf3 Rd5 56. Kg4 Rxe5 57. Rxe5+ Kxe5 58. Kxg5 b6 59. Kxh4 bxc5 60. Kg4 Ke4 61. h4 c4 62. h5 c3 63. h6 c2 64. h7 c1Q 65. h8Q Qg1+ 66. Kh5 Qh1+ 67. Kg6 Qxh8 0-1

[Event "Titled Tuesday intern op 11th Apr Early"]
[Site "Chess.com INT"]
[Date "2023.04.11"]
[Round "2"]
[White "Ehlvest, Jaan"]
[Black "Mbonu, David"]
[Result "0-1"]
[WhiteElo "2530"]
[BlackElo "2004"]
[PlyCount "72"]
[EventDate "2023.04.11"]
[EventType "swiss (blitz)"]
[EventRounds "11"]
[EventCountry "USA"]
[SourceTitle "CBM 213 Extra"]
[Source "ChessBase"]
[SourceDate "2023.05.31"]
[SourceVersion "1"]
[SourceVersionDate "2023.05.31"]
[SourceQuality "1"]

1. e4 e5 2. Nf3 Nc6 3. Bb5 a6 4. Bxc6 dxc6 5. Nc3 Bd6 6. d4 f6 7. dxe5 fxe5 8. Nxe5 Nf6 9. Nc4 0-0 10. Nxd6 cxd6 11. 0-0 Bg4 12. Qd3 Nh5 13. h3 Be6 14. f4 Qh4 15. f5 d5 16. fxe6 Rxf1+ 17. Qxf1 Rf8 18. Qd3 Qe1+ 19. Kh2 Rf1 20. Qxf1 Qxf1 21. exd5 cxd5 22. Nxd5 Nf6 23. e7 Kf7 24. Nxf6 gxf6 25. b3 Qe2 26. Bb2 Kxe7 27. Rc1 f5 28. Bc3 Kd7 29. Re1 Qxc2 30. Be5 Qxa2 31. b4 Qb3 32. Bf4 Qxb4 33. Rd1+ Ke6 34. g3 Qb2+ 35. Kh1 a5 36. Re1+ Kd7 0-1

[Event "Georgia-ch"]
[Site "Atlanta"]
[Date "2017.04.30"]
[Round "4"]
[White "Wu, Derek"]
[Black "Mbonu, David"]
[Result "0-1"]
[WhiteElo "1896"]
[BlackElo "1992"]
[PlyCount "138"]
[EventDate "2017.04.28"]
[EventType "swiss"]
[EventRounds "5"]
[EventCountry "USA"]
[SourceTitle "EXT 2018"]
[Source "ChessBase"]
[SourceDate "2017.10.13"]
[SourceVersion "1"]
[SourceVersionDate "2017.10.13"]
[SourceQuality "1"]

1. d4 Nf6 2. c4 e6 3. Nc3 Bb4 4. Qc2 0-0 5. a3 Bxc3+ 6. Qxc3 b6 7. e3 Bb7 8. Ne2 Ne4 9. Qc2 Qh4 10. Ng3 Nxg3 11. fxg3 Qe4 12. Bd3 Qxg2 13. Bxh7+ Kh8 14. Qxg2 Bxg2 15. Rg1 Kxh7 16. Rxg2 d5 17. cxd5 exd5 18. Rc2 c6 19. Bd2 Re8 20. Ke2 Re6 21. Rac1 a6 22. g4 Ra7 23. Be1 Rae7 24. Bf2 Re8 25. b4 b5 26. Rc3 Rc8 27. a4 Nd7 28. axb5 axb5 29. Ra1 Nb6 30. Ra7 Kg8 31. Rc5 Nc4 32. Ra6 Kf8 33. h4 g6 34. Bg1 Kg7 35. Bf2 Kf8 36. Bg1 Ke8 37. Bf2 Kd7 38. Ra7+ Rc7 39. Ra1 Kc8 40. h5 gxh5 41. gxh5 Kb7 42. Rh1 f5 43. Kf3 Re4 44. h6 Rh7 45. Rh5 Re6 46. Rxf5 Rhxh6 47. Ke2 Rh1 48. Rf3 Rb1 49. Be1 Rb3 50. Kd1 Rbxe3 51. Rxe3 Rxe3 52. Bf2 Rb3 53. Be1 Rd3+ 54. Kc2 Rxd4 55. Bc3 Rg4 56. Kd3 Kc7 57. Be1 Re4 58. Bg3+ Kd7 59. Bf2 Re6 60. Kd4 Ke7 61. Bh4+ Kf7 62. Bf2 Kg6 63. Bg1 Kf5 64. Bh2 Kg4 65. Bc7 Kf3 66. Ba5 Ke2 67. Bd8 Re4+ 68. Kc3 Re3+ 69. Kc2 d4 0-1